[Event "Have A Go"]
[Site "SchemingMind.com"]
[Date "2017.05.06"]
[Round "-"]
[White "berns"]
[Black "Quaff"]
[Result "1-0"]
[WhiteCountry "ENG"]
[BlackCountry "ENG"]
[WhiteElo "1669"]
[WhiteRD "72"]
[BlackElo "1651"]
[BlackRD "63"]
[GameID "413692"]

1. e4 d5 2. exd5 Qxd5 3. Nc3 Qd8 4. Bc4 e6 5. Nf3 h6 6. O-O Nf6 7. d3 Be7 8. Be3 a6 9. h3 Bd7 10. Ne5 Bd6
11. Nxd7 Nbxd7 12. Ne4 Nxe4 13. dxe4 O-O 14. Bd3 f5 15. exf5 exf5 16. Qf3 f4 17. Bd2 Rb8 18. Bc3 Be5 19. Qd5+ Kh8 20. Bxe5 Nxe5
21. Qxe5 f3 22. Qe4 Kg8 23. Qh7+ Kf7 24. Bc4+ Kf6 25. Bd3 Qe8 26. Rfe1 Qf7 27. Qf5#
1-0